000 00829nas a2200277 4500
001 BR7701517
003 BR-BrBNA
005 20231205083131.0
007 ta
008 230509b bl.|||p| |||| 00| 00por d
040 _aBR-BrBNA
_bpor
_cBiblioteca Nacional de Agricultura
041 _a(Pt)
072 _aF25
100 1 _aReis, M.S.
100 1 _aSediyama, C.S.
100 1 _aSediyama, T.
245 1 _aAdubacao nitrogenada, inoculacao e aplicacao de "fritas" de micronutrientes na cultura de soja
650 _aFERTILIDADE DO SOLO
650 _aSOJA
650 _aFERTILIZANTE NITROGENADO
650 _aINOCULACAO
650 _aMICROELEMENTO
773 0 _tRevista Ceres (Brazil)
_xISSN 0034-737X
_g(Mar 1977), v. 24(132) p. 163-169
_wBR7701517
909 _a202311
_bLúcia
_c55
_dLúcia Elande
942 _2AGRIS
_n0
_cANA
999 _c96637
_d96637